Thanh toán và tín dụng xuất nhập khẩu : Incoterms 2000 UCP - 600
Sách gồm 6 chương đề cập đến các vấn đề: Tỷ giá hối đoái và thị trường hối đoái; Các nghiệp vụ kinh doanh trên thị trường hối đối; Thương mại quốc tế; Các phương tiện và phương thức thanh toán quốc tế; Những nghiệp vụ cơ bản của...
Enregistré dans:
| Auteur principal: | |
|---|---|
| Format: | Livre |
| Langue: | Undetermined |
| Publié: |
Hà Nội
Tài chính
2009
|
| Sujets: | |
| Tags: |
Ajouter un tag
Pas de tags, Soyez le premier à ajouter un tag!
|
| Thư viện lưu trữ: | Trung tâm Học liệu Trường Đại học Cần Thơ |
|---|
| LEADER | 01147nam a2200229Ia 4500 | ||
|---|---|---|---|
| 001 | CTU_139811 | ||
| 008 | 210402s9999 xx 000 0 und d | ||
| 020 | |c 98000 | ||
| 082 | |a 332.15 | ||
| 082 | |b T250 | ||
| 100 | |a Lê, Văn Tề | ||
| 245 | 0 | |a Thanh toán và tín dụng xuất nhập khẩu : | |
| 245 | 0 | |b Incoterms 2000 UCP - 600 | |
| 245 | 0 | |c Lê Văn Tề, Nguyễn Thị Tuyết Nga | |
| 260 | |a Hà Nội | ||
| 260 | |b Tài chính | ||
| 260 | |c 2009 | ||
| 520 | |a Sách gồm 6 chương đề cập đến các vấn đề: Tỷ giá hối đoái và thị trường hối đoái; Các nghiệp vụ kinh doanh trên thị trường hối đối; Thương mại quốc tế; Các phương tiện và phương thức thanh toán quốc tế; Những nghiệp vụ cơ bản của nghiệp vụ xuất nhập khẩu... | ||
| 650 | |a International economic relations,Financial institutions, international,Foreign trade,Credit | ||
| 650 | |x Management | ||
| 904 | |i Giang | ||
| 980 | |a Trung tâm Học liệu Trường Đại học Cần Thơ | ||